000 003030000a22001450004500
003 MACL
040 _aMACL
090 _c34537
_d34535
100 _aPuri G L
245 _aKhan Abdul Ghaffar Khan
260 _bCongress Centenary
_c1987
350 _a35
650 _aBiography
942 _cBOOK
_k920/Pur
999 _c34172
_d34172